| 000 | 00577cam a2200181 4500 | ||
|---|---|---|---|
| 001 | D10262 | ||
| 008 | 090401t1979 xxu||||| |||| 00| 0 eng d | ||
| 035 | _a(Sirsi) u94586 | ||
| 041 | _aeng | ||
| 050 | _a333.3321 | ||
| 100 | _aBowie, N.W. | ||
| 245 | _aLeasehold interests and negative values. (synopsis only) | ||
| 260 | _c1979 | ||
| 350 | _a0 | ||
| 520 | _aIn: RICS. Balance sheet valuations - the background General Practice Division seminar...March 1979 1979/7ABC : (Also published in the Chartered Surveyor, April 1979, p363.) | ||
| 942 | _n0 | ||
| 948 | _c04/03/1997 | ||
| 999 |
_c98090 _d98090 |
||